000 00370nam a2200145 i 4500
001 95343
003 ES-MaACL
005 20230906181702.0
007 t|
008 050526s1903 bl ||||1| spa d
100 1 _aLuz, Fabio.
_974898
245 1 0 _aIdeólogo /
_cFabio Luz.
260 _aRio de Janeiro :
_b[s.n.],
_c1903 (
_fTip. Altina)
852 _aES-MaACL
_jT-1461-F-2
999 _c95343
_d95343